MARC

LEADER 00000nam0a2200000 4500
001 86511
005 20231031101615.0
020 |a RU  |b 83-37909 
035 |a (RuTPU)RU\TPU\book\92906 
090 |a 86511 
100 |a 20051128d1983 m a0rusy5003 ca 
101 0 |a rus 
102 |a RU 
105 |a a z 001zy 
200 1 |a Полимерные клеи  |e создание и применение  |f Д. А. Кардашов, А. П. Петрова 
210 |a Москва  |c Химия  |d 1983 
215 |a 256 с.  |c ил.  |d 22 см 
314 |a В вып. дан. авт.: Алевтина Петровна Петрова 
610 1 |a клеи полимерные 
610 1 |a применение 
610 1 |a создание 
610 1 |a добавки 
610 1 |a получение 
610 1 |a склеивание 
610 1 |a экономическая эффективность 
675 |a 665.9  |z rus 
700 1 |a Кардашов  |b Д. А.  |g Давид Алексеевич  |4 070 
701 1 |a Петрова  |b А. П.  |g Алефтина Петровна  |4 070 
801 0 |a RU  |b RuMRKP  |c 19950704  |g psbo 
801 1 |a RU  |b 63413507  |c 20051128  |g PSBO 
801 2 |a RU  |b 63413507  |c 20091119  |g PSBO 
900 |a Общая химическая технология полимеров 
942 |c BK